| 000 | 00446nam a22001931a 4500 | ||
|---|---|---|---|
| 001 | 4082 | ||
| 003 | OSt | ||
| 005 | 20260204211915.0 | ||
| 008 | 050618s1988||||sp ||||||b||||||||||spa|| | ||
| 050 | _a863.44 R279m | ||
| 245 | _aRelatos de mujeres / A. Moix | ||
| 264 | _aEspaña: Editorial Popular | ||
| 300 | _a95 p | ||
| 500 | _aIncluye indice | ||
| 505 | _aTomo 2 | ||
| 650 | _aCuentos de Mujeres | ||
| 651 | _aMoix A.Ì | ||
| 942 |
_2ddc _cBK |
||
| 999 |
_c4082 _d4082 |
||